Представление документа в формате MARC21

Поле Инд. ПП Название Значение
Тип записи a
Библиографический уровень m
001 Контрольный номер 79a5f4dc-53d0-45e1-9b69-e196ec288995
005 Дата корректировки 20150401085605.7
008 Кодируемые данные 040505
020 c Цена, тираж б/ц
040 a Служба первич. каталог. НБ ТвГУ
041 a Код языка текста rus
080 a Индекс УДК 1(470)(092)"18/19"(043.3)
a Индекс УДК 37:1(043.3)
a Индекс УДК 929Розанов
084 a Индекс другой классификации/Индекс ББК Ю3(2)61-63я031
a Индекс другой классификации/Индекс ББК Ч30в.я031
090 a Полочн. индекс Ю3(2)61
x Авторский знак Б24
100 1_ a Автор Барзукаева Рамиса Ахметовна
245 10 a Заглавие Философия образования В. В. Розанова
b Продолж. заглавия Автореф. дис. ... канд. филос. наук
c Ответственность Акад. повышения квалификации и переподгот. работников образования. Каф. философии и культурологии
260 1_ a Место издания Тверь
b Издательство Б. и.
c Дата издания 2004
300 a Объем 17 с.
500 a Примечание На правах рукоп.
504 a Библиография Библиогр.: с.17.
583 a Действие Получение впервые 194 29.04.2004
650 a Основная рубрика Розанов, Василий Васильевич, о нем
650 a Основная рубрика Русская философия
x Основная подрубрика История
y Хронологическая подрубрика 19-20 вв.
650 a Основная рубрика Образование
x Основная подрубрика Философия
653 a Ключевые слова Авторефераты
a Ключевые слова Духовная культура
a Ключевые слова Педагогика
a Ключевые слова Персоналии
a Ключевые слова Розанов
a Ключевые слова Русская философия
a Ключевые слова Философия образования
852 t Порядковый номер экземпляра 2
p Инвентарный номер б/н
888 a Бесплатные
930 a Новая/Ретро авторефераты
a Новая/Ретро персоналии
952 c Вид литературы А/Р н
p 194.2004 б/ц 2 б/н
954 a Дата поступления на обработку 20040517
999 a Подразделение 2 ч.з.